Aladdin dengan lampu ajaib

Bibliographic Details
Format: Book
Published: Kuala Lumpur : Edusystem , 1992
Series:Siri seribu satu malam

MARC

LEADER 00000cam a2200000 7i4500
001 0000003394
002 000003661
005 20000330.0
020 |a 9679060721 
090 0 0 |a J 398.2   |b ALA 
245 0 0 |a Aladdin dengan lampu ajaib   |c diceritakan kembali oleh Malungun 
260 |a Kuala Lumpur :   |b Edusystem ,   |c 1992 
300 |a 54p. ;   |c 27cm. 
490 0 |a Siri seribu satu malam 
999 |a 036942   |b BUKU   |c JUNIOR BOOKS   |e PERPUSTAKAAN KOMUNITI PETALING JAYA